Number Quiz - Statistics

General Stats
  • This quiz has been taken 37 times
    36 since last reset
  • The average score is 10 of 15
Answer Stats
Hint Answer % Correct
James Bond's secret agent number 007
100%
Where does Mr Sunak live? 10
100%
How many children does Queen Elizabeth II have? 4
96%
How many stripes are on the US flag? 13
93%
How many vertical stripes are there on the Italian flag? 3
93%
How many Dalmatians were there? 101
89%
How many stars are there on the Australian flag? 6
82%
What number does the Roman numeral LVI represent? 56
68%
How many balloons did Nena have? 99
57%
In which year did England win the World Cup? 1966
54%
In which year did Game Of Thrones end? 2019
54%
How many trombones led the big parade? 76
50%
What year was the Eurovision Song Contest launched? 1956
39%
At what number Pennsylvania Avenue is the White House 1600
32%
in 1978 the UK singles chart was expanded to how many positions? 75
21%
No matching quizzes found
Score Distribution
Percent of People with Each Score
Percentile by Number Answered
Your Score History
You have not taken this quiz since the last reset